000
00259nam a22001217a 4500
008
180922b xxu||||| |||| 00| 0 eng d
041
_a
eng
080
_a
701
100
_a
45
101
_a
KIN
245
_a
Notre-Dame De Paris
_c
Winston, C
942
_2
udc
_c
BK
999
_c
48248
_d
48248